Dictionary of political economy

Uloženo v:
Podrobná bibliografie
Hlavní autor: Inglis Palgrave, Robert Harry (Autor)
Médium: Kniha
Jazyk:angličtina
Vydáno: Londres Mc Millan 1919
Témata:
Tagy: Přidat tag
Žádné tagy, Buďte první, kdo vytvoří štítek k tomuto záznamu!

MARC

LEADER 00000nam a2200000 a 4500
001 UCR4441
003 CL-VaPUC
008 980307e19190000UK |||||||||||||||||eng|d
082 0 4 |a 330.03  |b ING  |2 21 
100 0 |a Inglis Palgrave, Robert Harry  |e author  |9 404549 
245 1 0 |a Dictionary of political economy 
300 |a 2 v 
942 |c BK 
945 |d 19980307 00:00:00  |a aolguin 
260 |a Londres  |b Mc Millan  |c 1919 
650 0 |a Economía política  |9 255814 
650 0 |a Economía   |9 255568 
650 0 |a Diccionarios  |9 256200 
583 |a last modification  |c 19980307 00:00:00  |k Rodrigo Vera 
999 |c 267383  |d 267381 
952 |0 0  |1 0  |4 0  |6 330_030000000000000_ING_1919  |7 0  |8 X  |9 299674  |a BIBDER  |b BIBDER  |d 2019-11-20  |h v.1  |i 1956515  |o 330.03 ING 1919  |p 1956515  |r 2023-01-25  |w 2019-11-20  |y BK_X  |k DER 
952 |0 0  |1 0  |4 0  |6 330_030000000000000_ING_1919  |7 0  |8 X  |9 299675  |a BIBDER  |b BIBDER  |d 2019-11-20  |h v.2  |i 1956973  |o 330.03 ING 1919  |p 1956973  |r 2023-01-25  |w 2019-11-20  |y BK_X  |k DER